Представление документа в формате RUSMARC

ПолеНазваниеЗначение
  Тип записи c
  Библиографический уровень m
001 Контрольный номер RU/УОНБ/EK_N/668881305
005 Дата корректировки 20250520122057.6
100 Данные общей обработки __
a Данные общей обработки 20210312d2001 u y0rusy0189||||ca
101 Язык документа 0_
a Язык текста rus
f Язык титульного листа rus
102 Страна публикации __
a Страна публикации RU
105 Кодированные данные (монография) __
a Кодированные данные (монография) y###||||000|y
200 Заглавие и сведения об ответственности 1_
a Заглавие Волшебный мир шести струн
b Общее обозначение материала Ноты
e Сведения, относящиеся к заглавию избран. произведения для гитары
f Первые сведения об ответственности сост. Е. Белова и А. карелин
210 Выходные данные 1_
a Место издания Москва
c Издательство Издательство Владимира Катанского
d Дата издания 2001 -
215 Физическое описание __
d Формат 29 см
225 Серия 1_
a Серия Библиотека начинающего гитариста
686 Индексы других классификаций __
a Классификационный индекс 85
2 Код системы rubbk
702 Вторичная интеллектуальная ответственность _1
a Фамилия Белова
b Имя (инициалы) Е.
4 Код отношения 220
702 Вторичная интеллектуальная ответственность _1
a Фамилия Карелин
b Имя (инициалы) А.
4 Код отношения 220
801 Источник записи _0
a Страна RU
b Организация Ульяновская ОНБ
c Дата составления 20210312
g Правила каталогизации RCR
801 Источник записи _1
a Страна RU
b Организация Ульяновская ОНБ
c Дата составления 20210312
g Правила каталогизации RCR
901 Тип документа __
t Тип документа v
909 Создатель записи __
a Создатель записи Лобина Л. И.
938 Служебная информация __
a Имя БД noti
b Имя библиотеки УОНБ
c Имя АИБС МАРК-SQL
d Номер DOC_ID в БД 23601